UM Logo

The power of explicit teaching and direct instruction / (Record no. 16713)

MARC details
000 -LEADER
fixed length control field 01107cam a22003257i 4500
001 - CONTROL NUMBER
control field 21951959
005 - DATE AND TIME OF LATEST TRANSACTION
control field 20220311111612.0
008 - FIXED-LENGTH DATA ELEMENTS--GENERAL INFORMATION
fixed length control field 200106s2021 enkd b 001 0 eng d
010 ## - LIBRARY OF CONGRESS CONTROL NUMBER
LC control number 2020475072
015 ## - NATIONAL BIBLIOGRAPHY NUMBER
National bibliography number GBC0J7420
Source bnb
016 7# - NATIONAL BIBLIOGRAPHIC AGENCY CONTROL NUMBER
Record control number 020041434
Source Uk
020 ## - INTERNATIONAL STANDARD BOOK NUMBER
International Standard Book Number 9781529731613
020 ## - INTERNATIONAL STANDARD BOOK NUMBER
International Standard Book Number 9781529731606
035 ## - SYSTEM CONTROL NUMBER
System control number (OCoLC)on1198373585
040 ## - CATALOGING SOURCE
Original cataloging agency YDX
Language of cataloging eng
Description conventions rda
Transcribing agency YDX
Modifying agency BDX
-- UKMGB
-- OCLCO
-- MNU
-- OCLCF
-- DLC
042 ## - AUTHENTICATION CODE
Authentication code lccopycat
050 00 - LIBRARY OF CONGRESS CALL NUMBER
Classification number LB1025.3
Item number .A845 2021
082 04 - DEWEY DECIMAL CLASSIFICATION NUMBER
Classification number DC 371.102
Edition number 2021
Item number As36
100 1# - MAIN ENTRY--PERSONAL NAME
Personal name Ashman, Greg,
Relator term author.
9 (RLIN) 44675
245 14 - TITLE STATEMENT
Title The power of explicit teaching and direct instruction /
Statement of responsibility, etc. Greg Ashman.
260 ## - PUBLICATION, DISTRIBUTION, ETC. (IMPRINT)
Place of publication, distribution, etc. London :
Name of publisher, distributor, etc. Corwin ,
Date of publication, distribution, etc. ©2021.
300 ## - PHYSICAL DESCRIPTION
Extent xiv, 138 pages :
Other physical details illustrations, charts ;
Dimensions 25 cm
504 ## - BIBLIOGRAPHY, ETC. NOTE
Bibliography, etc Includes bibliographic references and index.
650 #0 - SUBJECT ADDED ENTRY--TOPICAL TERM
Topical term or geographic name as entry element Direct instruction.
9 (RLIN) 44676
650 #7 - SUBJECT ADDED ENTRY--TOPICAL TERM
Topical term or geographic name as entry element Direct instruction.
Source of heading or term fast
9 (RLIN) 44676
906 ## - LOCAL DATA ELEMENT F, LDF (RLIN)
a 7
b cbc
c copycat
d 3
e ncip
f 20
g y-gencatlg
942 ## - ADDED ENTRY ELEMENTS (KOHA)
Source of classification or shelving scheme Dewey Decimal Classification
Koha item type Circulation
Holdings
Withdrawn status Lost status Source of classification or shelving scheme Damaged status Not for loan Collection code Home library Current library Date acquired Source of acquisition Cost, normal purchase price Total Checkouts Full call number Barcode Date last seen Price effective from Koha item type
    Dewey Decimal Classification     Circulation UM Digos College - LIC UM Digos College - LIC 02/10/2022 Purchased 2849.00   DC 371.102 As36 2021 26479 05/15/2025 03/11/2022 Circulation